000
00199 a2200097 4500
020
_a
9781933605401
041
_a
spa
100
_a
Gebhard, Wilfried
245
_a
Lo que Eduardo sabe haacer
942
_c
BK
999
_c
4401
_d
4401